000 00629nam a22002177a 4500
999 _c5221
_d5221
003 OSt
005 20220405103855.0
008 220405b ||||| |||| 00| 0 eng d
020 _a9788174731289
020 _a8174731288
040 _cALUPE UNIVERSITY
050 _aRK27
_b.G87 2009
100 _aL C Gupta
245 _aIllustrated dental dictionary
250 _a3rd ed
260 _aDelhi, India :
_bA. I. T. B. S. Publishers,
_cc2009.
300 _a553 p. :
_bill. ;
_c 22 cm.
650 _aDentistry -- Dictionaries. Dental care -- Dictionaries. Dentistry.
700 _aAbhishek Gupta
942 _2lcc
_cBK
_nJO